000 01001nam a2200169 a 4500
001 ASIN1842654594
005 20140611041723.0
008 140611s2009 xxu eng d
020 _a1842654594 (hardcover)
_c$49.95
020 _a9781842654590 (hardcover)
100 1 _aChatterjee, D.
245 1 0 _aAnalytical geometry :
_btwo and three dimensions /
_cD. Chatterjee.
260 _a[S.l.] :
_bAlpha Science Intl Ltd,
_c2009.
300 _a286 p. ;
_c25 cm.
520 _aThis book presents in an elegant way, the essentials of two and three dimensions of analytical geometry with plenty of examples to illustrate the basic ideas and to bequeath to the students numerous techniques of problem-solving. The exercises provide ample problems to supplement steady progress and to broaden the intuition of generalization. The overall approach is systematic, rigorous and least dependent on Euclidean propositions.
856 4 0 _3Amazon.com
_uhttp://www.amazon.com/exec/obidos/ASIN/1842654594/chopaconline-20
999 _c6085
_d6085